000
00199 a2200097 4500
001
11830
100
_a
Macnalty
245
_a
Local governments
260
_a
_b
Methuen, & co
_c
090
_c
9086
_d
9086
942
_a
NUST-CAE
_c
M
_c
35918
999
_c
246903
_d
246903